Normal view
MARC view
- Historic gardens
Entry Topical Term
001 - CONTROL NUMBER
- control field: 120392
003 - CONTROL NUMBER IDENTIFIER
- control field: NUST
005 - DATE AND TIME OF LATEST TRANSACTION
- control field: 20240214152203.0
008 - FIXED-LENGTH DATA ELEMENTS
- fixed length control field: 240214|| aca||aabn | a|a d
040 ## - CATALOGING SOURCE
- Original cataloging agency: NUST
- Transcribing agency: NUST
150 ## - HEADING--TOPICAL TERM
- Topical term or geographic name entry element: Historic gardens
- Geographic subdivision: China
670 ## - SOURCE DATA FOUND
- Source citation: Work cat.: (NUST): Charms of classical Chinese gardens :, 2006.
